Statistics for Most Seats in the European Parliament

Click here to take the quiz!

General Stats

  • This quiz has been taken 55 times
  • The average score is 14 of 15

Answer Stats

SeatsCountry% Correct
96Germany
100%
79France
98%
76Italy
98%
21Portugal
96%
59Spain
96%
21Belgium
94%
21Czech Republic
94%
29Netherlands
94%
52Poland
94%
33Romania
94%
21Sweden
94%
17Bulgaria
92%
21Greece
92%
21Hungary
90%
19Austria
88%

Score Distribution

Percentile by Number Answered

Percent of People with Each Score

Your Score History

You have not taken this quiz